| 000 | 00434nam a22001697a 4500 | ||
|---|---|---|---|
| 003 | OSt | ||
| 008 | 241120b |||||||| |||| 00| 0 eng d | ||
| 082 |
_a630.72 _bI-2A |
||
| 100 | _aICAR Research Complex for Goa | ||
| 245 | _aAnnual Report, 2004 - 2005 | ||
| 260 |
_a.- Ela, Goa _b: ICAR Research Complex for Goa _c, 2005 |
||
| 300 | _a83p. | ||
| 650 | _aAnnual Report | ||
| 650 | _aAgriculture | ||
| 650 | _aGoa | ||
| 942 |
_2ddc _cRP |
||
| 999 |
_c47089 _d47089 |
||